Wszystkie miejscowości w gminie Kościerzyna - Statystyki

Ogólne statystyki
  • Ten quiz został rozwiązany 13 razy
  • Średni wynik to 35 z 60
Statystyki odpowiedzi
Miejsowość Odpowiedź % Poprawnych
Wieś Łubiana
100%
Wieś Wielki Klincz
100%
Wieś Korne
90%
Wieś Mały Klincz
90%
Wieś Nowy Klincz
90%
Wieś Sycowa Huta
90%
Wieś Wąglikowice
90%
Wieś Wdzydze
90%
Wieś Grzybowo
80%
Wieś Grzybowski Młyn
80%
Wieś Kaliska Kościerskie
80%
Wieś Lizaki
80%
Wieś Nowa Wieś Kościerska
80%
Wieś Rotembark
80%
Wieś Rybaki
80%
Wieś Skorzewo
80%
Osada Szarlota
80%
Osada Szarlota
80%
Wieś Dobrogoszcz
70%
Osada Garczyn
70%
Wieś Juszki
70%
Wieś Kościerzyna-Wybudowanie
70%
Wieś Loryniec
70%
Wieś Mały Podleś
70%
Wieś Owśnice
70%
Wieś Wielki Podleś
70%
Wieś Będominek
60%
Wieś Dębogóry
60%
Osada Gołuń
60%
Wieś Gostomie
60%
Wieś Nowa Kiszewa
60%
Wieś Nowy Podleś
60%
Osada Skoczkowo
60%
Wieś Stawiska
60%
Wieś Wieprznica
60%
Wieś Czarlina
50%
Wieś Częstkowo
50%
Wieś Dąbrówka
50%
Wieś Fingrowa Huta
50%
Wieś Kłobuczyno
50%
Wieś Kościerska Huta
50%
Wieś Puc
50%
Wieś Szenajda
50%
Osada Szenajda
50%
Osada Wawrzynowo
50%
Wieś Zielenin
50%
Wieś Niedamowo
40%
Osada Czarlina-Osada
30%
Osada Leśna Dębrzyno
30%
Osada Kościerzyna-Stare Nadleśnictwo
30%
Osada Kula-Młyn
30%
Osada Ludwikowo
30%
Wieś Szludron
30%
Osada Wierzysko-Leśnictwo
20%
Osada Kruszyna
10%
Osada Małe Stawiska
10%
Wieś Mały Puc
10%
Wieś Sarnowo
10%
Osada Czarne Pustkowie
0%
Osada Zabrody
0%
Nie znaleziono quizów pasujących do podanych kryteriów
Rozkład punktacji
Procent ludzi z każdym wynikiem
Percentyl według liczby udzielonych odpowiedzi
Twoja historia wyników
Nie rozwiązałeś tego quizu